|
|
|
|
| LEADER |
00000nab a2200000 a 4500 |
| 001 |
vtls000082431 |
| 003 |
SK-MaSNL |
| 005 |
20260411190102.0 |
| 008 |
250422c1980 xo 0 slo |
| 015 |
|
|
|a SNBRB19rr/mm-uuuuu
|
| 035 |
|
|
|a CL0092533
|
| 035 |
|
|
|a urn:nbn:sk:snk-ab79dj
|
| 035 |
|
|
|a (uuid)b5f4b708-7932-4a53-9ef1-a60cb0ba6fed
|
| 035 |
|
|
|a (urnnbn)urn:nbn:sk:snk:ar-a079sv
|
| 035 |
|
|
|a (sysno)vtls000082431
|
| 040 |
|
|
|a SNKBUCL
|b slo
|c SNKBUCL
|e AACR2
|
| 041 |
0 |
|
|a eng
|
| 044 |
|
|
|a xo
|c SK
|
| 080 |
|
|
|a 553
|2 1981
|
| 100 |
1 |
|
|a Dyda, Marian,
|d 1945-2026
|4 aut
|9 125886
|
| 245 |
1 |
0 |
|a Metamorphic Grade and Packing Index in Garnets
|c Marian Dyda
|
| 300 |
|
|
|b Obr. 5. Tb. 3. Res. rus.
|
| 650 |
0 |
7 |
|a granáty
|2 snkbucl
|9 1110153
|
| 650 |
0 |
7 |
|a index obalový
|2 snkbucl
|9 1351850
|
| 655 |
|
7 |
|a články z novín a časopisov
|2 snkbucl
|9 267496
|
| 773 |
0 |
|
|t Geologický zborník
|g Roč. 31, č. 3 (1980), s. 359-374
|
| 850 |
|
|
|a Slovenská národná knižnica
|
| 852 |
|
|
|a Slovenská národná knižnica
|
| 958 |
|
|
|a article27
|
| 958 |
|
|
|a RK
|
| 958 |
|
|
|a OND
|
| 958 |
|
|
|a EUIPO
|
| 992 |
|
|
|a RBX
|
| 999 |
|
|
|c 2745809
|d 2747739
|